Irish Diaspora Top 10 Countries - Statistics

General Stats
  • This quiz has been taken 2,318 times
  • The average score is 8 of 10
Answer Stats
# Country % Correct
503,288 United Kingdom
99%
132,280 United States
99%
33,350 Canada
97%
9,828 France
95%
101,032 Australia
93%
11,373 Germany
91%
14,651 Spain
90%
9,398 New Zealand
83%
13,009 South Africa
52%
7,592 Poland
45%
No matching quizzes found
Score Distribution
Percent of People with Each Score
Percentile by Number Answered
Your Score History
You have not taken this quiz